| 000 | 00321nam a2200121Ia 4500 | ||
|---|---|---|---|
| 008 | 190216s9999||||xx |||||||||||||| ||und|| | ||
| 100 | _aRaja Raman V | ||
| 245 | 0 | _aComputer Programming In Pascal | |
| 260 |
_bPentice Hall Of India _c1984 |
||
| 300 | _a219p | ||
| 650 | _a"Computer Programming. Programs, Data" | ||
| 942 | _cBK | ||
| 999 |
_c8342 _d8342 |
||